000 01001nam a2200277 a 4500
001 34928
003 BD-RjUL
005 20211209052231.0
008 140520s1962 nyua b 001 0 eng d
035 _a(BD-RjUL)35022
040 _aDLC
_cDLC
_dDLC
_dBD-RjUL
_beng
041 1 _aeng
_hfre
082 0 0 _a306.850944
_bARC 1962
100 1 _aAriès, Philippe.
_9106322
245 1 0 _aCenturies of childhood :
_ba social history of family life /
_cPhilippe Ariès ; translated from the French by Robert Baldick.
260 _aLondon :
_bJonathan Cape,
_cc1962.
300 _a447 p. :
_bill. ;
_c21 cm.
500 _aTranslation of L'enfant et la vie familiale sous l'Ancien Régime.
504 _aIncludes bibliographical references (p. 419-437) and index.
650 0 _aChildren
_zFrance
_xHistory.
_9106323
650 0 _aFamilies
_zFrance
_xHistory.
_9106324
942 _2ddc
_cBK
999 _c34928
_d34928